01142nam a22002772a 450000100060000000300080000600500170001400800410003103500190007204000230009104100080011408200250012210000440014724500670019126000410025830000230029949000820032250000980040465000330050265000280053565000390056383000910060294200130069399900170070695201410072336318BD-RjUL20211209052453.0190408s1962 ii 000 0 eng d a(BD-RjUL)36415 aDLCcHDCdEQObeng aeng 223a332.11bCHC 19621 aChandler, Lester Vernon,d1905-923019410aCentral banking and economic development /cLester V. Chandler aBombay:c1962bUniversity of Bombay, aii, 54 p. ;c23 cm1 aUniversity of Bombay. Series in monetary and international Economics ;vNo. 3 a"Public lectures delivered at the University of Bombay in late February and early March 1962" 0aEconomic development9230195 0aMonetary policy9230196 0aBanks and banking, Central9230197 0aUniversity of Bombay. Series in monetary and international Economics ;vno. 3.9230199 2ddccRAR c36318d36318 00102ddc40718RAREaRUCLbRUCLcRared1964-07-11ezeitlingerg12.00l0oRA 332.11 CHC 1962r2019-04-08 00:00:00tC-1w2019-04-08yRAR